<?xml version="1.0" encoding="UTF-8"?>
<record
    xmlns:xsi="http://www.w3.org/2001/XMLSchema-instance"
    xsi:schemaLocation="http://www.loc.gov/MARC21/slim http://www.loc.gov/standards/marcxml/schema/MARC21slim.xsd"
    xmlns="http://www.loc.gov/MARC21/slim">

  <leader>02024nam a22003497a 4500</leader>
  <controlfield tag="001">421</controlfield>
  <controlfield tag="003">OSt</controlfield>
  <controlfield tag="005">20260129075937.0</controlfield>
  <controlfield tag="008">240823b        bl ||||| |||| 00| 0 por d</controlfield>
  <datafield tag="020" ind1=" " ind2=" ">
    <subfield code="a">9788598078908</subfield>
  </datafield>
  <datafield tag="040" ind1=" " ind2=" ">
    <subfield code="b">por</subfield>
  </datafield>
  <datafield tag="041" ind1=" " ind2=" ">
    <subfield code="h">eng</subfield>
    <subfield code="a">por</subfield>
  </datafield>
  <datafield tag="082" ind1=" " ind2=" ">
    <subfield code="a">IJ 028.5</subfield>
    <subfield code="b">R585u</subfield>
  </datafield>
  <datafield tag="100" ind1="1" ind2=" ">
    <subfield code="a">Riordan, Rick,</subfield>
    <subfield code="d">1964-</subfield>
    <subfield code="9">745</subfield>
  </datafield>
  <datafield tag="240" ind1=" " ind2=" ">
    <subfield code="a">The Last Olimpian</subfield>
  </datafield>
  <datafield tag="245" ind1=" " ind2=" ">
    <subfield code="a">O &#xFA;ltimo Olimpiano / </subfield>
    <subfield code="c">Riordan, Rick ; tradu&#xE7;&#xE3;o de Raquel Zampil</subfield>
  </datafield>
  <datafield tag="260" ind1=" " ind2=" ">
    <subfield code="a">Rio de Janeiro: </subfield>
    <subfield code="b">Intr&#xED;nseca,</subfield>
    <subfield code="c">2010.</subfield>
  </datafield>
  <datafield tag="300" ind1=" " ind2=" ">
    <subfield code="a">383 p. ; </subfield>
  </datafield>
  <datafield tag="490" ind1="1" ind2=" ">
    <subfield code="a">Percy Jackson e Os olimpianos</subfield>
    <subfield code="v">vol. 05</subfield>
  </datafield>
  <datafield tag="500" ind1=" " ind2=" ">
    <subfield code="a">Tradu&#xE7;&#xE3;o de: The last Olympian</subfield>
  </datafield>
  <datafield tag="520" ind1=" " ind2=" ">
    <subfield code="a">O aguardado desfecho da s&#xE9;rie que j&#xE1; ultrapassou a marca de 500 mil exemplares vendidos e &#xE9; destaque nas principais listas de best-sellers do pa&#xED;s. Os meios-sangues passaram o ano inteiro preparando-se para a batalha contra os tit&#xE3;s, e sabem que as chances de vit&#xF3;ria s&#xE3;o pequenas. O ex&#xE9;rcito de Cronos est&#xE1; mais poderoso que nunca, e cada novo deus ou semideus que se une &#xE0; causa confere mais for&#xE7;a ao vingativo Senhor do Tempo. Enquanto os olimpianos se ocupam de conter a f&#xFA;ria do monstro Tif&#xE3;o, Cronos avan&#xE7;a em dire&#xE7;&#xE3;o &#xE0; cidade de Nova York, onde o Monte Olimpo est&#xE1; precariamente vigiado. Agora, apenas Percy Jackson e seu ex&#xE9;rcito de her&#xF3;is podem det&#xEA;-lo. Nesse quinto livro da s&#xE9;rie, o combate que pode acarretar o fim da civiliza&#xE7;&#xE3;o ocidental ganha as ruas de Manhattan, e Percy tem a terr&#xED;vel sensa&#xE7;&#xE3;o de que sua luta, na verdade, &#xE9; contra o pr&#xF3;prio destino. Revelada a sinistra profecia acerca do d&#xE9;cimo sexto anivers&#xE1;rio do her&#xF3;i, ele enfim encontra seu verdadeiro caminho.
</subfield>
  </datafield>
  <datafield tag="650" ind1=" " ind2="0">
    <subfield code="a">Literatura Americana</subfield>
    <subfield code="9">84</subfield>
  </datafield>
  <datafield tag="650" ind1=" " ind2="0">
    <subfield code="a">Infantojuvenil</subfield>
    <subfield code="9">200</subfield>
  </datafield>
  <datafield tag="650" ind1=" " ind2="0">
    <subfield code="a">Lendas</subfield>
    <subfield code="9">611</subfield>
  </datafield>
  <datafield tag="650" ind1=" " ind2="0">
    <subfield code="a">Mitologia grega.</subfield>
    <subfield code="9">610</subfield>
  </datafield>
  <datafield tag="650" ind1=" " ind2="0">
    <subfield code="a">Literatura fant&#xE1;stica.</subfield>
  </datafield>
  <datafield tag="655" ind1=" " ind2="0">
    <subfield code="a">Romance</subfield>
    <subfield code="9">23</subfield>
  </datafield>
  <datafield tag="655" ind1=" " ind2="0">
    <subfield code="a">Fic&#xE7;&#xE3;o </subfield>
    <subfield code="9">22</subfield>
  </datafield>
  <datafield tag="700" ind1=" " ind2=" ">
    <subfield code="a">Zampil, Raquel</subfield>
    <subfield code="e">TRADUTORA</subfield>
    <subfield code="9">898</subfield>
  </datafield>
  <datafield tag="830" ind1=" " ind2=" ">
    <subfield code="a">Percy Jackson e Os olimpianos</subfield>
    <subfield code="9">910</subfield>
    <subfield code="v">vol. 05</subfield>
  </datafield>
  <datafield tag="942" ind1=" " ind2=" ">
    <subfield code="2">ddc</subfield>
    <subfield code="c">BK</subfield>
  </datafield>
  <datafield tag="952" ind1=" " ind2=" ">
    <subfield code="0">0</subfield>
    <subfield code="1">0</subfield>
    <subfield code="2">ddc</subfield>
    <subfield code="4">0</subfield>
    <subfield code="7">0</subfield>
    <subfield code="8">NFIC</subfield>
    <subfield code="a">BIBIB</subfield>
    <subfield code="b">BIBIB</subfield>
    <subfield code="c">IJ</subfield>
    <subfield code="d">2025-05-19</subfield>
    <subfield code="e">doa&#xE7;&#xE3;o</subfield>
    <subfield code="l">0</subfield>
    <subfield code="o">IJ 028.5 / R585u</subfield>
    <subfield code="p">2025-17349</subfield>
    <subfield code="r">2025-05-19 07:56:31</subfield>
    <subfield code="w">2025-05-19</subfield>
    <subfield code="y">BK</subfield>
  </datafield>
  <datafield tag="999" ind1=" " ind2=" ">
    <subfield code="c">421</subfield>
    <subfield code="d">421</subfield>
  </datafield>
</record>
